| 000 | 00667nam a22002177a 4500 | ||
|---|---|---|---|
| 003 | OSt | ||
| 005 | 20210225171007.0 | ||
| 008 | 210225s2016 ck a|||jr|||| 00| 0 spa d | ||
| 020 | _a9789584247308 | ||
| 040 |
_aCO-JMCR _cCO-JMCR |
||
| 082 | 0 | 4 |
_aC / _bVEGw _223 |
| 100 | 1 |
_aVegetta 777 _eautor _913990 |
|
| 245 | 1 | 0 |
_aWigetta y el báculo dorado / _cVegetta777 y Willyrex |
| 250 | _aSegunda edición | ||
| 260 |
_aBogotá : _bPlaneta, _c2016 |
||
| 300 |
_a[255] páginas : _bilustraciones a color ; _c20 cm. |
||
| 650 | 1 | 4 |
_aCuentos españoles _ySiglo XXI _913991 |
| 650 | 2 | 4 |
_aaventuras en la literatura _913992 |
| 700 | 1 |
_aWillyrex _eautor _913993 |
|
| 942 |
_2ddc _cBK |
||
| 999 |
_c7343 _d7343 |
||